Sports Quiz

Random Sports or MLB Quiz

Most Hits With One MLB Team Quiz Stats

 Plays Quiz Updated Oct 1, 2019

Support Sporcle.
Go Orange.
Score 0/15 Timer 03:00
3 Plays Today
Hits Player % Correct
3,465Derek Jeter
92.5%
3,358Pete Rose
90.1%
3,600Hank Aaron
89.7%
3,184Cal Ripken Jr.
88.4%
3,141Tony Gwynn
88.3%
3,900Ty Cobb
87.4%
3,154George Brett
86.8%
3,187Willie Mays
84.1%
Hits Player % Correct
3,060Craig Biggio
83.9%
3,630Stan Musial
82.4%
3,000Roberto Clemente
82%
3,142Robin Yount
75.6%
3,419Carl Yastrzemski
70.5%
3,007Al Kaline
60.1%
3,012Cap Anson
34.6%

You're not logged in!

Compare scores with friends on all Sporcle quizzes.
OR
Log In
Forgot?

From the Vault

Clickable Cat Jokes

by KStericker

These jokes are guaranteed to make even Grumpy Cat laugh.
Remove Ads.
Support Sporcle.
Get the best of Sporcle when you Go Orange. This ad-free experience offers more features, more stats, and more fun while also helping to support Sporcle. Thank you for becoming a member.

Show Comments

Extras

Top Quizzes Today


Score Distribution

Your Account Isn't Verified!

In order to create a playlist on Sporcle, you need to verify the email address you used during registration. Go to your Sporcle Settings to finish the process.

Report this User

Report this user for behavior that violates our Community Guidelines.

Details: